El declive del hombre público

-д хадгалсан:
Номзүйн дэлгэрэнгүй
Үндсэн зохиолч: Sennett, Richard (Зохиогч)
Формат: Ном
Хэл сонгох:испани
Хэвлэсэн: Barcelona Anagrama 2011
Хэвлэл:1a. ed
Цуврал:Colección Argumentos, 423
Нөхцлүүд:
Шошгууд: Шошго нэмэх
Шошго байхгүй, Энэхүү баримтыг шошголох эхний хүн болох!

MARC

LEADER 00000cam a2200000 a 4500
001 UCG8191
003 CL-VaPUC
008 111124e20110300SP |||||||||||||||||spa|d
020 |a 9788433963222 
082 0 4 |a 301  |b SEN  |2 21 
100 0 |a Sennett, Richard  |e author  |9 559112 
245 1 3 |a El declive del hombre público 
250 |a 1a. ed 
300 |a 463 p 
942 |c BK 
945 |d 20111124 00:00:00  |a dcastane 
260 |a Barcelona  |b Anagrama  |c 2011 
650 0 |a Antropología cultural y social   |9 265143 
650 0 |a Sociología   |9 255410 
650 0 |a Cambio social   |9 256857 
650 0 |a Psicología social   |9 222894 
583 |a last modification  |c 20111124 10:35:00  |k Rodrigo Vera 
490 0 |a Colección Argumentos, 423 
999 |c 345820  |d 345818 
952 |0 0  |1 0  |4 0  |6 301_000000000000000_SEN_2011  |7 0  |8 A  |9 446102  |a BIBHIS  |b BIBHIS  |d 2019-11-22  |i 4806344  |o 301 SEN 2011  |p 4806344  |r 2025-01-20  |w 2019-11-22  |y BK  |k HIS